Anàlisi del projecte del pla d'obres i serveis de Catalunya 1984, territori de Barcelona
Descripción Física:
60, [54] f., mecanografiats ; 30 cm
MARC
| LEADER | 00000nam a2200000Ia 4500 | ||
|---|---|---|---|
| 001 | 12119 | ||
| 003 | BGR | ||
| 005 | 20260324175240.0 | ||
| 008 | 160829s1984 xx 000 0 cat d | ||
| 080 | |a M-3-13 | ||
| 110 | 1 | |a Barcelona (Catalunya : Província). |b Diputació |b Servei del Pla d'Obres i Serveis de Cooperació |9 52408 | |
| 245 | |a Anàlisi del projecte del pla d'obres i serveis de Catalunya 1984, territori de Barcelona | ||
| 260 | |a Barcelona : |b Diputació de Barcelona, Pla d'Obres i Serveis de Cooperació, |c 1984 | ||
| 300 | |a 60, [54] f., mecanografiats ; |c 30 cm | ||
| 650 | |a Obres públiques |x Barcelona (Província) |x 1984 |9 23054 | ||
| 901 | |a Arxiu | ||
| 942 | |n 1 |2 udc |c MON | ||
| 952 | |0 0 |1 0 |4 0 |6 M313 |7 1 |9 42511 |a Arxiu |b Arxiu |d 2016-12-01 |l 0 |o M-3-13 |p 12119 |r 2016-12-01 00:00:00 |w 2016-12-01 |y ARXIU | ||
| 999 | |c 45016 |d 45016 | ||